000
00279nam a22001337a 4500
008
180925b xxu||||| |||| 00| 0 eng d
020
_a
9780669383171
041
_a
eng
080
_a
510
100
_a
37
101
_a
MAT
245
_a
Algebra 2
_c
Heath, D.C
942
_2
udc
_c
BK
999
_c
48425
_d
48425